000 01220cam a2200145 4500500
005 20260329023211.0
041 _afre
042 _adc
100 1 0 _aMilliot, Vincent
_eauthor
700 1 0 _aWieviorka, Olivier
_eauthor
245 0 0 _aMéthode pour le commentaire et la dissertation historiques
260 _bArmand Colin,
_c2021.
520 _aCet ouvrage apporte à l’étudiant en histoire les méthodes pour aborder les diverses épreuves du cursus universitaire. Du brouillon à la réalisation d’un commentaire, il apprend à cerner un texte, ses idées et son plan. Le lecteur découvre comment interpréter justement et situer dans leur contexte des documents statistiques et des illustrations. De plus, il y trouvera les indications pour ordonner ses idées dans une dissertation ou lors d’un oral, et les méthodes pour utiliser ou constituer une bibliographie. La partie didactique s’accompagne d’exemples et d’exercices corrigés qui pourront servir de modèle. La rigueur et la clarté de cet ouvrage en font un outil pédagogique indispensable.
856 4 1 _uhttps://shs.cairn.info/methode-pour-le-commentaire-et-la-dissertation-his--9782200622930?lang=fr&redirect-ssocas=7080
999 _c1925441
_d1925441